00842nam a2200205Ia 4500008004100000020001500041041001200056082001100068100001500079245004700094250000800141260003900149300000800188650000700196700001500203942000700218999001500225952019800240952019800438221030s9999 xx 000 0 und d a8177585551 aEnglish a105.23 aL. L. Beck 0aSystem Softwarecby L. L. Beck, D. Manjula a3rd bPearson EdcuationaNew Delhic2009 a495 aIT aD. Manjula cBK c9127d9127 pBE 10793g415.00i340l0o105.23 eDurga Books, Amritsarr2024-06-13 00:00:00w2022-10-30yBK003Print4070aMIETLIBbMIETLIBcBL-Academic Block B, FL-1, CUP-116, SH-3, R-3d2010-07-0210HBE pBE 10794g415.00i340l0o105.23 eDurga Books, Amritsarr2024-06-13 00:00:00w2022-10-30yBK003Print4070aMIETLIBbMIETLIBcBL-Academic Block C, FL-2, CUP-155, SH-6, R-6d2010-07-0210HBE